[Event "FRA-ch op-B"]
[Site "Val d'Isere"]
[Date "2002.08.31"]
[Round "10.4"]
[White "Aymeric, Claude"]
[Black "Charbonnel, Jean Jacques"]
[Result "1-0"]
[WhiteElo "1840"]
[BlackElo "1960"]
[PlyCount "137"]
[EventDate "2002.08.20"]
[EventType "swiss"]
[EventRounds "11"]
[EventCountry "FRA"]
[SourceTitle "EXT 2003"]
[Source "ChessBase"]
[SourceDate "2002.11.25"]
[SourceVersion "1"]
[SourceVersionDate "2002.11.25"]
[SourceQuality "1"]

1. Nf3 Nf6 2. g3 g6 3. Bg2 Bg7 4. 0-0 0-0 5. d4 d6 6. c4 Nbd7 7. Nc3 e5 8. e4 c6 9. dxe5 dxe5 10. Qc2 Qe7 11. Rb1 Nh5 12. b4 f5 13. exf5 gxf5 14. Nh4 e4 15. Nxf5 Rxf5 16. Bxe4 Rf8 17. Bxh7+ Kh8 18. Bg6 Nhf6 19. Bf4 Ne5 20. Bxe5 Qxe5 21. Rfe1 Qc7 22. Ne4 Ng4 23. f4 Bd4+ 24. Kh1 Qg7 25. Ng5 Bb6 26. Ne6 Bxe6 27. Rxe6 Rad8 28. Rbe1 Bf2 29. Re7 Bxe1 30. Rxg7 Kxg7 31. Bh5 Nf2+ 32. Kg1 Nd3 33. Qe2 Bxb4 34. Qg4+ Kf6 35. Qg6+ Ke7 36. Bg4 Bc5+ 37. Kg2 Rd6 38. Qh7+ Rf7 39. Qh8 b5 40. cxb5 cxb5 41. Bh5 Bd4 42. Qa8 Bb6 43. Qb7+ Rd7 44. Qe4+ Kf8 45. Bxf7 Kxf7 46. Qf5+ Ke7 47. Qxb5 Nc5 48. Qe2+ Kf7 49. h4 Ne6 50. Qc4 Rd4 51. Qb3 Kf6 52. Qb2 Kf5 53. Qc2+ Kf6 54. h5 Ba5 55. Qb2 Kf5 56. Qb5+ Kf6 57. Qxa5 Rd7 58. Qe5+ Kf7 59. Qf5+ Ke7 60. a4 Rd8 61. Qe5 Kf7 62. h6 Rd2+ 63. Kh3 Rd8 64. Kg4 Rg8+ 65. Kf3 Rd8 66. Qh5+ Kg8 67. Qg6+ Kf8 68. Qxe6 Rd3+ 69. Kg4 1-0